[Event "EIRCC 2019"]
[Site "Tallinn"]
[Date "2019.12.05"]
[Round "4.3"]
[White "Usmanov, Vasily"]
[Black "Ziska, Helgi Dam"]
[Result "1-0"]
[WhiteElo "2428"]
[BlackElo "2646"]
[Annotator "TA"]
[PlyCount "75"]
[EventDate "2019.12.05"]
[EventType "swiss"]
[EventCountry "EST"]
[SourceTitle "playchess.com"]
[Source "ChessBase"]
[SourceQuality "1"]

{[%evp 17,75,51,62,21,31,34,58,-76,18,18,18,18,18,9,30,21,53,56,59,65,61,46,113,60,115,108,108,65,81,67,55,13,14,0,0,0,0,0,0,0,1,2,4,0,16,0,68,44,194,158,251,219,216,183,378,378,356,359,29997,224]} 1. Nf3 Nf6 2. c4 g6 3. Nc3 Bg7 4. e4 d6 5. d4 O-O 6. Be2 e5 7. O-O Na6 8. Re1 Qe8 9. Bf1 Bg4 10. Be3 {E94: King's Indian: Classical: 6 Be2 e5 7 0-0: Various Black 7th moves} (10. d5 Nb4 11. a3 Bxf3 12. gxf3 Na6 13. b4 Nd7 14. Be3 f5 15. Kh1 Qe7 16. Rc1 Qh4 17. c5 f4 18. Bd2 dxc5 {1-0 (45) So,W (2780)-Wei,Y (2729) chess.com INT 2018}) 10... Bxf3 11. Qxf3 Nb4 $146 ({Predecessor:} 11... Ng4 12. Bg5 exd4 13. Nd5 f6 14. Bd2 Ne5 15. Qb3 c6 16. Nf4 Nc5 17. Qh3 a5 {½-½ (49) Sedlak,N (2556)-Saric,S (2448) Kragujevac 2011}) 12. Bg5 {[#]} (12. Rac1 $14 {stays ahead.}) 12... exd4 (12... Nc2 $1 $17 13. Red1 Nxd4) 13. Bxf6 $11 Bxf6 14. Qxf6 {Nd5 is the strong threat.} dxc3 15. Qxc3 c5 16. e5 Qe7 17. Rad1 dxe5 18. Rxe5 Qf6 19. a3 $1 {[%cal Ra3b4]} Na6 (19... Nc6 $14 20. Rxc5 {[%mdl 64] Discovered Attack} Qxc3 21. bxc3 Rac8) 20. g3 ({White should try} 20. Rd7 $16) 20... Rad8 (20... b6 $14) 21. Rxd8 $16 Qxd8 22. Bg2 b6 $1 23. h4 Nc7 24. h5 Re8 25. h6 Qf6 26. Rxe8+ Nxe8 27. Qe3 {[%cal Re3e8]} Kf8 28. b4 $36 {[%mdl 2048] White has the initiative.} Qe7 29. Qc3 {[%cal Rc3h8]} Qf6 30. Qe3 Qe7 31. Qc3 {[%cal Rc3h8]} (31. Qd2 {is more complex.} Qe5 32. Bf3 Nd6 33. bxc5 Qxc5 34. Kg2) 31... f6 (31... Qf6 $11 32. Qb3 Qa1+ 33. Bf1 Qe5) 32. Bc6 $14 Nd6 (32... Qd6 $14 33. Qf3 cxb4) 33. bxc5 $18 bxc5 {[#]} (33... Nf7 $16) 34. Qb2 $1 Qd8 35. Bd5 Ke7 $2 (35... Ke8 36. Bg8 Nf5) 36. Qe2+ Kd7 37. Qe3 Nf5 $2 (37... Qe7 $18 38. Qxc5 Ke8 39. Qc6+ Kf8 40. Qa8+ Ne8) 38. Qe6+ {Accuracy: White = 57%, Black = 35%.} 1-0

[Event "EIRCC 2019"]
[Site "Tallinn"]
[Date "2019.12.05"]
[Round "4.4"]
[White "Demidov, Mikhail"]
[Black "Gretarsson, Helgi Ass"]
[Result "0-1"]
[WhiteElo "2635"]
[BlackElo "2421"]
[Annotator "TA"]
[PlyCount "110"]
[EventDate "2019.12.05"]
[EventType "swiss"]
[EventCountry "EST"]
[SourceTitle "playchess.com"]
[Source "ChessBase"]
[SourceQuality "1"]

{[%evp 16,110,16,0,0,0,14,25,43,18,35,13,15,0,6,0,0,-14,-11,-10,-6,-47,0,0,0,-12,-11,-9,-4,-34,0,0,0,0,10,11,14,13,12,0,0,0,13,-39,56,0,0,0,0,-16,-16,-66,-22,-26,-33,-26,-11,-32,-32,-34,0,0,0,0,0,-8,0,-29970,-29971,-29970,-29973,-29971,-29972,-29973,-29974,-29974,0,0,0,0,0,0,0,0,0,0,0,0,0,-29978,-29979,-29979,-29980,-29980,-29981,-29981,-29982]} 1. Nf3 g6 2. g3 Bg7 3. Bg2 c5 4. O-O Nc6 5. c3 d5 6. d4 cxd4 7. cxd4 e6 8. Nc3 Nge7 9. Bf4 O-O {A04: Unusual lines after 1 Nf3 and King's Indian Attack} 10. Rc1 (10. Ne5 Qb6 11. Nxc6 Nxc6 12. Bd6 Rd8 13. Bc5 Qxb2 14. Qd3 b6 15. Rab1 Ba6 16. Qxa6 Qxc3 17. Rfc1 {0-1 (54) Gabuzyan,H (2571)-Iturrizaga Bonelli,E (2650) chess.com INT 2018}) 10... Nf5 {[%cal Rc6d4]} 11. e3 h6 {White has an edge.} 12. h4 (12. g4 $5 {[%cal Rg4f5]} Nd6 13. h4 $14) 12... Bd7 13. Qd2 $146 ({Predecessor:} 13. Re1 Rc8 14. Na4 Qe7 15. Nc5 Nd8 16. Nxd7 Rxc1 17. Qxc1 Qxd7 18. g4 Nxh4 19. Nxh4 g5 20. Bg3 gxh4 21. Bxh4 Nc6 22. Qd1 {½-½ (22) Vogel,J (2250)-Pliester,L (2385) Dieren 1988}) 13... Qe7 14. Rfe1 Rfd8 15. e4 dxe4 $1 16. Rxe4 Be8 {[%cal Rc6d4]} 17. d5 Qf8 18. Ne5 (18. g4 $5 {[%cal Rg4f5]} Nd6 19. dxc6 Nxe4 20. Nxe4 Rxd2 21. cxb7 $16) 18... Nxe5 19. Bxe5 Bc6 {[%cal Re6d5]} 20. Bxg7 Qxg7 21. Rf4 exd5 22. h5 Rd6 23. b4 a6 24. a4 {[%cal Ba2a4,Ba4b5][%mdl 32]} Rad8 25. b5 axb5 26. axb5 {aiming for hxg6.} Be8 27. hxg6 fxg6 28. Bxd5+ Kh7 {Threatens to win with ...Bf7.} 29. Qe1 (29. Qe2 $11) 29... Nd4 ({Black should try} 29... Bxb5 $1 $15 30. g4 Nh4) 30. Ne4 ({White should play} 30. Kg2 $14) 30... Bxb5 $11 31. Nxd6 Ne2+ {[%mdl 64] [#] Double Attack} 32. Kh2 {Hoping for Rf7!} Nxf4 33. Nxb5 {Rc7! is the strong threat.} Nxd5 (33... Nd3 $5 {[%cal Rd3e1]} 34. Qa5 Rxd5 $17) 34. Qe6 Qd7 35. Qe2 Qe8 36. Qb2 Rd7 $36 {[%mdl 2048] Black is pushing.} 37. Rd1 Nf6 38. Rxd7+ Nxd7 39. Nd6 Qe5 40. Qd2 Nf6 41. Qxh6+ $2 {[%mdl 8192]} (41. Nxb7 $11 Ne4 42. Qd7+ Qg7 43. Qxg7+ Kxg7 44. Kg2) 41... Kxh6 42. Nf7+ Kh5 43. Nxe5 Ng4+ 44. Nxg4 Kxg4 {[%mdl 4096] Endgame KPP-KPP} 45. Kg2 {[#]} b5 $2 (45... Kf5 $1 {mates} 46. f3 Ke5 47. Kf2 Kd4 48. Ke2 b5 49. Kd2 b4 50. Ke2 b3 51. Kd2 b2 52. Kc2 Ke3 53. f4 Kf3 54. Kxb2 Kxg3 55. Kc2 Kxf4 56. Kd2 g5 57. Ke1 Kg3 58. Kf1 Kh2 59. Ke2 g4 60. Ke1 g3 61. Ke2 g2 62. Kd3 g1=Q 63. Kc4 Qb6 64. Kc3 Kg3 65. Kc4 Kf4 66. Kc3 Qc5+ 67. Kb3 Ke3 68. Ka2 Qb6 69. Ka1 Kd4 70. Ka2 Kc3 71. Ka3 Qb3#) 46. f3+ Kf5 47. Kf2 $1 b4 48. Ke3 Ke5 {And now ...b3 would win.} 49. Kd3 b3 (49... Kd5 $5) 50. Kc3 b2 51. Kxb2 Kd4 {( -> ...Ke3)} 52. g4 $2 {[%mdl 8192]} (52. Kc2 $11 Ke3 53. f4) 52... Ke3 {Black mates.} 53. g5 Kxf3 54. Kc2 Kf4 55. Kd3 Kxg5 {Accuracy: White = 52%, Black = 55%.} 0-1

[Event "EIRCC 2019"]
[Site "Tallinn"]
[Date "2019.12.05"]
[Round "4.5"]
[White "Van Foreest, Lucas"]
[Black "Andriasian, Zaven"]
[Result "1/2-1/2"]
[WhiteElo "2399"]
[BlackElo "2633"]
[Annotator "TA"]
[PlyCount "90"]
[EventDate "2019.12.05"]
[EventType "swiss"]
[EventCountry "EST"]
[SourceTitle "playchess.com"]
[Source "ChessBase"]
[SourceQuality "1"]

{[%evp 9,90,10,34,37,37,42,38,33,62,61,56,43,40,39,41,37,47,40,46,31,38,31,36,31,38,38,37,33,27,28,35,50,106,101,145,122,230,192,184,107,127,119,110,128,111,109,116,54,111,23,28,20,17,0,54,0,0,0,0,0,33,0,0,0,0,0,0,0,0,0,0,0,0,0,0,0,0,0,0,0,0,0,0]} 1. e4 c6 2. Nf3 d5 3. d3 g6 4. Nbd2 Bg7 5. d4 (5. g3 dxe4 6. Nxe4 Nd7 7. Bg2 Ngf6 8. Nxf6+ Nxf6 9. O-O O-O 10. d4 Bg4 11. h3 Bxf3 12. Bxf3 Qd7 13. Kg2 Rfd8 14. c3 a5 15. a4 Nd5 16. Qb3 e6 17. Bg5 Bf6 18. Bxd5 Bxg5 19. Bf3 Bf6 {½-½ (19) Malakhov,V (2713)-Najer,E (2679) Doha 2016}) 5... Bg4 6. c3 {B10: Caro-Kann: 2 d3 and 2 c4} dxe4 7. Nxe4 Nd7 8. Bc4 {[#] Black must now prevent Bxf7+!White is slightly better.} Bxf3 $146 ({Predecessor:} 8... Ngf6 9. Nxf6+ exf6 10. h3 Bxf3 11. Qxf3 O-O 12. O-O Qb6 {1-0 (37) Saulin,D (2431)-Smirnov,N (2119) Kostroma 2010}) 9. Qxf3 {[%csl Gc4][%cal Rf3f7]} Ngf6 10. Nxf6+ Nxf6 11. O-O O-O 12. Bg5 Qd7 13. Rae1 Rae8 14. Re2 Nd5 15. Rfe1 e6 16. h4 h6 17. Bc1 h5 18. g4 hxg4 19. Qxg4 b5 20. Bb3 Qd6 (20... Nf6 $14 21. Qf3 a5) 21. Qf3 $16 Re7 22. h5 gxh5 (22... e5 $16 {keeps fighting.}) 23. Qxh5 f5 24. Kh1 (24. Bxd5 $18 cxd5 25. Bg5) 24... f4 25. Bc2 Rf6 {[#] Hoping for ...Rh6!} 26. Bg6 Kf8 27. Rg1 Rc7 28. f3 (28. Qg4 $16) 28... c5 (28... Ke7 $14) 29. Reg2 (29. dxc5 $16 Qxc5 30. Rd1) 29... Ne7 $1 $11 30. Bd2 a5 31. Be1 (31. Rg5 {is interesting.} Rxg6 32. Rxg6 Nxg6 33. Rxg6 cxd4 34. cxd4 Bxd4 35. Bxa5 Rg7 36. Qxb5 Bc5 37. Rxg7 Kxg7 38. Kg2) 31... Nxg6 (31... Rxg6 $11 32. Rxg6 Nxg6 33. Rxg6 cxd4) 32. Rxg6 (32. Bh4 $1 $14 Rf5 33. Qxg6) 32... Rxg6 33. Qxg6 cxd4 34. cxd4 b4 35. Rg5 (35. Qg5 $5 {[%cal Rg5a5]}) 35... Qc6 {The position is equal.} 36. d5 exd5 {And now ...Qxg6 would win.} 37. Rf5+ Kg8 38. Qg4 $1 $40 {[%mdl 128] White attacks.} Rf7 39. Rxf7 Kxf7 40. Qxf4+ Kg8 41. Bf2 Qc4 42. Qb8+ Kh7 {...Qf1+ is the strong threat.} 43. Qh2+ Kg8 {Strongly threatening ...Qf1+.} 44. Qb8+ Kf7 {aiming for ...Qf1+.} 45. Kg2 Qxa2 {Accuracy: White = 57%, Black = 51%.} 1/2-1/2

[Event "EIRCC 2019"]
[Site "Tallinn"]
[Date "2019.12.05"]
[Round "4.6"]
[White "Lysyj, Igor"]
[Black "Papasimakopoulos, Alexandros"]
[Result "1-0"]
[WhiteElo "2599"]
[BlackElo "2399"]
[Annotator "ChessBase"]
[PlyCount "75"]
[EventDate "2019.12.05"]
[EventType "swiss"]
[EventCountry "EST"]
[SourceTitle "playchess.com"]
[Source "ChessBase"]
[SourceQuality "1"]
[TimeControl "900+10"]

1. d4 {[%emt 0:00:00]} Nf6 {[%emt 0:00:00]} 2. c4 {[%emt 0:00:00]} e6 {[%emt 0:00:00]} 3. Nf3 {[%emt 0:00:00]} b6 {[%emt 0:00:00]} 4. g3 {[%emt 0:00:00]} Ba6 {[%emt 0:00:00]} 5. Qc2 {[%emt 0:00:00]} c5 {[%emt 0:00:00]} 6. d5 {[%emt 0:00:09]} exd5 {[%emt 0:00:26]} 7. cxd5 {[%emt 0:00:02]} Bb7 {[%emt 0:00:01]} 8. Bg2 {[%emt 0:00:04]} Bxd5 {[%emt 0:00:14]} 9. Nc3 {[%emt 0:00:14]} Bc6 {[%emt 0:00:26]} 10. O-O {[%emt 0:00:06]} Be7 {[%emt 0:00:29]} 11. e4 {[%emt 0:00:18]} d6 {[%emt 0:00:11]} 12. Nh4 {[%emt 0:00:22]} O-O {[%emt 0:00:42]} 13. Nf5 {[%emt 0:00:19]} Nbd7 {[%emt 0:00:21]} 14. Rd1 {[%emt 0:01:41]} Rc8 {[%emt 0:01:15]} 15. Bf4 {[%emt 0:00:35]} Ne8 {[%emt 0:00:01]} 16. Nd5 {[%emt 0:01:45]} Bxd5 {[%emt 0:00:10]} 17. Rxd5 {[%emt 0:00:01]} Ndf6 {[%emt 0:00:45]} 18. Rd2 {[%emt 0:00:31]} Nh5 {[%emt 0:00:01]} 19. Bxd6 {[%emt 0:01:30]} Nxd6 {[%emt 0:02:28]} 20. e5 {[%emt 0:00:29]} g6 {[%emt 0:00:42]} 21. Nxd6 {[%emt 0:02:42]} Bxd6 {[%emt 0:00:06]} 22. Rxd6 {[%emt 0:00:01]} Qe7 {[%emt 0:00:09]} 23. Qc3 {[%emt 0:01:00]} Rcd8 {[%emt 0:00:47]} 24. Rad1 {[%emt 0:00:07]} Rxd6 {[%emt 0:00:45]} 25. exd6 {[%emt 0:00:09]} Qd7 {[%emt 0:00:01]} 26. Bf3 {[%emt 0:01:37]} Ng7 {[%emt 0:00:10]} 27. b4 {[%emt 0:01:07]} cxb4 {[%emt 0:00:38]} 28. Qxb4 {[%emt 0:00:01]} Rd8 {[%emt 0:00:06]} 29. Be2 {[%emt 0:01:23]} Qb7 {[%emt 0:02:40]} 30. Qh4 {[%emt 0:00:01]} Ne6 {[%emt 0:00:58]} 31. Bc4 {[%emt 0:00:30]} g5 {[%emt 0:00:13]} 32. Qg4 {[%emt 0:00:11]} Ng7 {[%emt 0:00:58]} 33. Qxg5 {[%emt 0:00:09]} Qd7 {[%emt 0:00:15]} 34. Bb5 {[%emt 0:00:42]} Qc8 {[%emt 0:00:00]} 35. d7 {[%emt 0:00:13]} Qb8 {[%emt 0:00:01]} 36. Re1 {[%emt 0:00:08]} Kh8 {[%emt 0:00:00]} 37. Qxd8+ {[%emt 0:00:18]} Qxd8 {[%emt 0:00:02]} 38. Re8+ {[%emt 0:00:01]} 1-0

[Event "EIRCC 2019"]
[Site "Tallinn"]
[Date "2019.12.05"]
[Round "4.7"]
[White "Sanal, Vahap"]
[Black "Kourousis, Epaminondas"]
[Result "1-0"]
[WhiteElo "2597"]
[BlackElo "2392"]
[Annotator "ChessBase"]
[PlyCount "63"]
[EventDate "2019.12.05"]
[EventType "swiss"]
[EventCountry "EST"]
[SourceTitle "playchess.com"]
[Source "ChessBase"]
[SourceQuality "1"]
[TimeControl "900+10"]

1. e4 {[%emt 0:00:00]} c6 {[%emt 0:00:00]} 2. d4 {[%emt 0:00:00]} d5 {[%emt 0:00:00]} 3. exd5 {[%emt 0:00:00]} cxd5 {[%emt 0:00:00]} 4. c4 {[%emt 0:00:00]} Nf6 {[%emt 0:00:01]} 5. Nc3 {[%emt 0:00:01]} e6 {[%emt 0:00:50]} 6. Nf3 {[%emt 0:00:03]} Be7 {[%emt 0:00:31]} 7. cxd5 {[%emt 0:00:09]} Nxd5 {[%emt 0:00:02]} 8. Bd3 {[%emt 0:00:01]} O-O {[%emt 0:00:12]} 9. O-O {[%emt 0:00:03]} Nc6 {[%emt 0:00:12]} 10. Re1 {[%emt 0:00:01]} Nxc3 {[%emt 0:00:40]} 11. bxc3 {[%emt 0:00:03]} b6 {[%emt 0:00:58]} 12. Qc2 {[%emt 0:00:22]} g6 {[%emt 0:00:29]} 13. Bh6 {[%emt 0:00:24]} Re8 {[%emt 0:00:02]} 14. Be4 {[%emt 0:01:57]} Bb7 {[%emt 0:01:10]} 15. Rad1 {[%emt 0:00:15]} Na5 {[%emt 0:01:05]} 16. Ne5 {[%emt 0:00:02]} Bg5 {[%emt 0:01:20]} 17. Bxg5 {[%emt 0:00:37]} Qxg5 {[%emt 0:00:03]} 18. Bxb7 {[%emt 0:00:09]} Nxb7 {[%emt 0:00:02]} 19. c4 {[%emt 0:00:01]} Nd6 {[%emt 0:01:21]} 20. c5 {[%emt 0:00:17]} Nf5 {[%emt 0:00:08]} 21. c6 {[%emt 0:00:15]} Rac8 {[%emt 0:00:12]} 22. g3 {[%emt 0:00:43]} Rc7 {[%emt 0:00:13]} 23. d5 {[%emt 0:00:42]} exd5 {[%emt 0:00:31]} 24. Nd7 {[%emt 0:00:01]} Re6 {[%emt 0:01:14]} 25. Rxe6 {[%emt 0:00:02]} fxe6 {[%emt 0:00:01]} 26. Qc3 {[%emt 0:00:01]} Qe7 {[%emt 0:04:02]} 27. Re1 {[%emt 0:00:29]} Qg7 {[%emt 0:00:43]} 28. Qc1 {[%emt 0:00:01]} Nd4 {[%emt 0:00:13]} 29. Qf4 {[%emt 0:00:01]} Rc8 {[%emt 0:01:16]} 30. Nf6+ {[%emt 0:00:03]} Kh8 {[%emt 0:00:26]} 31. Qxd4 {[%emt 0:00:02]} Rxc6 {[%emt 0:00:01]} 32. Qe5 {[%emt 0:00:20]} 1-0

[Event "EIRCC 2019"]
[Site "Tallinn"]
[Date "2019.12.05"]
[Round "4.8"]
[White "Sipila, Vilka"]
[Black "Riazantsev, Alexander"]
[Result "0-1"]
[WhiteElo "2380"]
[BlackElo "2594"]
[Annotator "ChessBase"]
[PlyCount "124"]
[EventDate "2019.12.05"]
[EventType "swiss"]
[EventCountry "EST"]
[SourceTitle "playchess.com"]
[Source "ChessBase"]
[SourceQuality "1"]
[TimeControl "900+10"]

1. e4 {[%emt 0:00:00]} c6 {[%emt 0:00:00]} 2. d4 {[%emt 0:00:00]} d5 {[%emt 0:00:00]} 3. e5 {[%emt 0:00:00]} Bf5 {[%emt 0:00:00]} 4. Nf3 {[%emt 0:00:00]} e6 {[%emt 0:00:00]} 5. Be2 {[%emt 0:00:00]} Ne7 {[%emt 0:00:03]} 6. O-O {[%emt 0:00:00]} h6 {[%emt 0:00:08]} 7. Nbd2 {[%emt 0:00:00]} Nd7 {[%emt 0:00:02]} 8. Nb3 {[%emt 0:00:01]} Qc7 {[%emt 0:00:01]} 9. a4 {[%emt 0:00:02]} g5 {[%emt 0:00:02]} 10. a5 {[%emt 0:00:03]} a6 {[%emt 0:00:02]} 11. c3 {[%emt 0:00:19]} O-O-O {[%emt 0:00:47]} 12. Ne1 {[%emt 0:00:02]} f6 {[%emt 0:00:04]} 13. Nd3 {[%emt 0:00:11]} Bxd3 {[%emt 0:02:06]} 14. Qxd3 {[%emt 0:00:45]} fxe5 {[%emt 0:00:01]} 15. Bg4 {[%emt 0:00:02]} e4 {[%emt 0:00:34]} 16. Qh3 {[%emt 0:00:24]} Nf5 {[%emt 0:00:32]} 17. Bxg5 {[%emt 0:00:02]} hxg5 {[%emt 0:01:17]} 18. Qxh8 {[%emt 0:00:02]} Bg7 {[%emt 0:00:00]} 19. Qh3 {[%emt 0:00:02]} Rh8 {[%emt 0:00:02]} 20. Bxf5 {[%emt 0:00:09]} exf5 {[%emt 0:04:29]} 21. Qg3 {[%emt 0:00:02]} Qd8 {[%emt 0:00:01]} 22. f3 {[%emt 0:01:28]} f4 {[%emt 0:00:34]} 23. Qg4 {[%emt 0:00:01]} Kb8 {[%emt 0:00:12]} 24. fxe4 {[%emt 0:00:23]} dxe4 {[%emt 0:00:05]} 25. Rae1 {[%emt 0:00:02]} e3 {[%emt 0:00:37]} 26. g3 {[%emt 0:00:02]} Bh6 {[%emt 0:00:04]} 27. Qe6 {[%emt 0:00:16]} Qc7 {[%emt 0:00:36]} 28. Kg2 {[%emt 0:00:05]} Bf8 {[%emt 0:00:45]} 29. Qf5 {[%emt 0:00:51]} Rg8 {[%emt 0:01:42]} 30. Kh1 {[%emt 0:01:33]} Bd6 {[%emt 0:00:10]} 31. gxf4 {[%emt 0:01:06]} Bxf4 {[%emt 0:00:14]} 32. Re2 {[%emt 0:00:08]} Rh8 {[%emt 0:00:06]} 33. h3 {[%emt 0:00:52]} Rf8 {[%emt 0:00:45]} 34. Qe6 {[%emt 0:01:00]} Ka7 {[%emt 0:00:30]} 35. d5 {[%emt 0:00:31]} Rf6 {[%emt 0:00:21]} 36. Qe4 {[%emt 0:00:08]} cxd5 {[%emt 0:00:51]} 37. Qxd5 {[%emt 0:00:07]} Rd6 {[%emt 0:00:02]} 38. Qg2 {[%emt 0:02:05]} Nf6 {[%emt 0:00:07]} 39. Qf3 {[%emt 0:00:06]} Rd3 {[%emt 0:01:55]} 40. Nc1 {[%emt 0:01:17]} Rd2 {[%emt 0:00:35]} 41. Rxe3 {[%emt 0:00:02]} Rh2+ {[%emt 0:00:02]} 42. Kg1 {[%emt 0:00:00]} Rxb2 {[%emt 0:00:04]} 43. Nd3 {[%emt 0:00:22]} Nd5 {[%emt 0:00:25]} 44. Nxf4 {[%emt 0:02:43]} Nxf4 {[%emt 0:00:24]} 45. Re4 {[%emt 0:00:02]} Qxa5 {[%emt 0:00:49]} 46. Qe3+ {[%emt 0:00:10]} Qb6 {[%emt 0:00:04]} 47. Qxb6+ {[%emt 0:00:07]} Kxb6 {[%emt 0:00:01]} 48. Re3 {[%emt 0:00:21]} a5 {[%emt 0:00:20]} 49. Rf2 {[%emt 0:02:17]} Rxf2 {[%emt 0:00:14]} 50. Kxf2 {[%emt 0:00:01]} a4 {[%emt 0:00:01]} 51. Kg3 {[%emt 0:00:03]} Kc5 {[%emt 0:00:15]} 52. h4 {[%emt 0:02:20]} Nd5 {[%emt 0:00:08]} 53. Rd3 {[%emt 0:00:29]} gxh4+ {[%emt 0:00:03]} 54. Kxh4 {[%emt 0:00:01]} b5 {[%emt 0:00:21]} 55. Kg4 {[%emt 0:00:02]} a3 {[%emt 0:00:07]} 56. c4 {[%emt 0:00:09]} Nf6+ {[%emt 0:00:15]} 57. Kf5 {[%emt 0:00:03]} b4 {[%emt 0:00:00]} 58. Kxf6 Kxc4 {[%emt 0:00:08]} 59. Rd8 {[%emt 0:00:16]} b3 {[%emt 0:00:03]} 60. Ke5 {[%emt 0:00:07]} b2 {[%emt 0:00:08]} 61. Rb8 {[%emt 0:00:24]} a2 {[%emt 0:00:07]} 62. Rxb2 a1=Q {Kd4+} 0-1

[Event "EIRCC 2019"]
[Site "Tallinn"]
[Date "2019.12.05"]
[Round "4.9"]
[White "Esipenko, Andrey"]
[Black "Frischmann, Rick"]
[Result "1-0"]
[WhiteElo "2590"]
[BlackElo "2375"]
[Annotator "ChessBase"]
[PlyCount "55"]
[EventDate "2019.12.05"]
[EventType "swiss"]
[EventCountry "EST"]
[SourceTitle "playchess.com"]
[Source "ChessBase"]
[SourceQuality "1"]
[TimeControl "900+10"]

1. d4 {[%emt 0:00:00]} d5 {[%emt 0:00:00]} 2. c4 {[%emt 0:00:00]} Nc6 {[%emt 0:00:00]} 3. cxd5 {[%emt 0:00:06]} Qxd5 {[%emt 0:00:00]} 4. e3 {[%emt 0:00:03]} e5 {[%emt 0:00:00]} 5. Nc3 {[%emt 0:00:03]} Bb4 {[%emt 0:00:01]} 6. Bd2 {[%emt 0:00:02]} Bxc3 {[%emt 0:00:03]} 7. bxc3 {[%emt 0:00:28]} Nf6 {[%emt 0:00:29]} 8. c4 {[%emt 0:02:46]} Qd6 {[%emt 0:00:03]} 9. d5 {[%emt 0:00:02]} Nb8 {[%emt 0:00:51]} 10. Nf3 {[%emt 0:00:50]} O-O {[%emt 0:00:14]} 11. Qb1 {[%emt 0:00:26]} a5 {[%emt 0:00:30]} 12. Be2 {[%emt 0:00:18]} b6 {[%emt 0:00:34]} 13. Bc3 {[%emt 0:00:14]} Re8 {[%emt 0:00:15]} 14. Nd2 {[%emt 0:01:29]} Na6 {[%emt 0:00:32]} 15. e4 {[%emt 0:00:54]} Nc5 {[%emt 0:00:10]} 16. Qc2 {[%emt 0:00:05]} Bd7 {[%emt 0:00:22]} 17. Rc1 {[%emt 0:00:01]} Bg4 {[%emt 0:02:57]} 18. f3 {[%emt 0:02:03]} Bd7 {[%emt 0:00:24]} 19. g3 {[%emt 0:00:03]} h5 {[%emt 0:01:59]} 20. Nf1 {[%emt 0:00:17]} Rac8 {[%emt 0:00:20]} 21. Ne3 {[%emt 0:00:23]} c6 {[%emt 0:00:08]} 22. dxc6 {[%emt 0:01:36]} Qxc6 {[%emt 0:00:29]} 23. O-O {[%emt 0:00:18]} Na4 {[%emt 0:00:24]} 24. Bd2 {[%emt 0:01:50]} Be6 {[%emt 0:01:18]} 25. Bd3 {[%emt 0:00:03]} Nc5 {[%emt 0:00:33]} 26. Be2 {[%emt 0:00:50]} Red8 {[%emt 0:00:37]} 27. Nd5 {[%emt 0:00:17]} Bh3 {[%emt 0:00:21]} 28. Ne7+ {[%emt 0:00:05]} 1-0

[Event "EIRCC 2019"]
[Site "Tallinn"]
[Date "2019.12.05"]
[Round "4.10"]
[White "Krutti, Valer"]
[Black "Yuffa, Daniil"]
[Result "0-1"]
[WhiteElo "2370"]
[BlackElo "2587"]
[Annotator "ChessBase"]
[PlyCount "98"]
[EventDate "2019.12.05"]
[EventType "swiss"]
[EventCountry "EST"]
[SourceTitle "playchess.com"]
[Source "ChessBase"]
[SourceQuality "1"]
[TimeControl "900+10"]

1. d4 {[%emt 0:00:00]} Nf6 {[%emt 0:00:00]} 2. c4 {[%emt 0:00:00]} g6 {[%emt 0:00:00]} 3. Nc3 {[%emt 0:00:00]} Bg7 {[%emt 0:00:00]} 4. e4 {[%emt 0:00:00]} d6 {[%emt 0:00:00]} 5. Be2 {[%emt 0:00:01]} O-O {[%emt 0:00:01]} 6. Bg5 {[%emt 0:00:02]} c5 {[%emt 0:00:01]} 7. d5 {[%emt 0:00:02]} e6 {[%emt 0:00:02]} 8. Qd2 {[%emt 0:00:01]} exd5 {[%emt 0:00:02]} 9. exd5 {[%emt 0:00:02]} Qb6 {[%emt 0:00:01]} 10. Nf3 {[%emt 0:00:04]} Bf5 {[%emt 0:00:02]} 11. Rc1 {[%emt 0:00:20]} Ne4 {[%emt 0:00:49]} 12. Nxe4 {[%emt 0:00:02]} Bxe4 {[%emt 0:00:02]} 13. b3 {[%emt 0:00:02]} Bxf3 {[%emt 0:00:25]} 14. Bxf3 {[%emt 0:00:02]} Re8+ {[%emt 0:00:01]} 15. Be2 {[%emt 0:00:02]} a5 {[%emt 0:00:02]} 16. O-O {[%emt 0:00:54]} a4 {[%emt 0:00:04]} 17. Rb1 {[%emt 0:01:08]} a3 {[%emt 0:03:02]} 18. Bd3 {[%emt 0:00:34]} Na6 {[%emt 0:00:07]} 19. Rbe1 {[%emt 0:00:13]} Nb4 {[%emt 0:00:36]} 20. Bb1 {[%emt 0:00:11]} Qc7 {[%emt 0:00:50]} 21. h4 {[%emt 0:01:18]} Qd7 {[%emt 0:00:08]} 22. h5 {[%emt 0:00:06]} Qg4 {[%emt 0:00:39]} 23. hxg6 {[%emt 0:00:57]} hxg6 {[%emt 0:00:06]} 24. Be7 {[%emt 0:01:26]} Ra6 {[%emt 0:01:33]} 25. Re4 {[%emt 0:00:31]} Qxe4 {[%emt 0:00:11]} 26. Bxe4 {[%emt 0:00:02]} Rxe7 {[%emt 0:00:02]} 27. Bb1 {[%emt 0:01:05]} Ra8 {[%emt 0:00:03]} 28. Re1 {[%emt 0:00:01]} Rae8 {[%emt 0:01:24]} 29. Rxe7 {[%emt 0:00:04]} Rxe7 {[%emt 0:00:01]} 30. g3 {[%emt 0:00:07]} Bd4 {[%emt 0:00:20]} 31. Kg2 {[%emt 0:00:04]} Kg7 {[%emt 0:00:04]} 32. Kf1 {[%emt 0:00:28]} b6 {[%emt 0:00:48]} 33. Qc1 {[%emt 0:00:12]} Bb2 {[%emt 0:00:21]} 34. Qd2 {[%emt 0:00:05]} Na6 {[%emt 0:00:18]} 35. Kg2 {[%emt 0:00:14]} Nc7 {[%emt 0:00:50]} 36. Kf1 {[%emt 0:00:20]} b5 {[%emt 0:01:17]} 37. Kg2 {[%emt 0:00:38]} b4 {[%emt 0:00:30]} 38. g4 {[%emt 0:00:27]} Ne8 {[%emt 0:00:21]} 39. g5 {[%emt 0:00:10]} Kg8 {[%emt 0:00:20]} 40. f4 {[%emt 0:01:25]} Bc3 {[%emt 0:00:41]} 41. Qf2 {[%emt 0:01:14]} Re1 {[%emt 0:00:21]} 42. Bd3 {[%emt 0:00:04]} Rd1 {[%emt 0:00:18]} 43. Qe3 {[%emt 0:01:39]} Kf8 {[%emt 0:00:16]} 44. f5 {[%emt 0:00:05]} Rd2+ {[%emt 0:00:11]} 45. Kf3 {[%emt 0:00:10]} Rxa2 {[%emt 0:00:14]} 46. fxg6 {[%emt 0:00:11]} Bd4 {[%emt 0:00:19]} 47. Qe4 {[%emt 0:00:18]} Rf2+ {[%emt 0:00:12]} 48. Kg3 {[%emt 0:00:13]} a2 {[%emt 0:01:17]} 49. gxf7 {[%emt 0:01:28]} Rxf7 {[%emt 0:00:07]} 0-1